00396 a2200145 450000500170000002000220001708200150003910000190005424500470007325000120012026000390013230000440017170000170021570000180023220250613103947.0 a978-0-07-336743-9 a658.151EDM aEDMONDS, P. T. aFundamental Managerial Accounting Concepts a4th Ed. aBoston,bMcGraw-Hill Irwin,c2008. axxiii, 685p.bGlossary and Indexc27 cm aBor-Yi Tsay  aPhili R. Olds